000 01333nam a2200241 a 4500
001 BRCA_2038
005 20190320203639.0
008 010808s1999----fr-#---###---#000-0#fra-#
020 _a2700030109 (Obra completa)
050 4 _aN40
_b.B47 1999
100 1 _aBénézit, Emmanuel
_d1854-1920
_96228
245 1 0 _aDictionnaire Critique et Documentaire des Peintres, Sculpteurs, Dessinateurs et Graveurs de tous les temps et de tous les pays par un groupe d`écrivains spécialistes francais et étrangers
_cE. Bénézit.
260 _aParís
_bGründ
_c1999
300 _a14 v.
_c24 cm.
500 _a2do. ejemplar en el Área de Investigación (Edición 1976 ; 10 Vols.)
504 _aIncluye referencias bibliográficas
505 0 _aContenido : v.1. AA-Beduschi. -- v.2. Beduschi-Burchard. -- v.3. Burchard-Couderc. -- v.4. Coudert-Dzwonowski. -- v.5. Eadie-Gence. -- v.6. Genck-Herwarth. -- v.7. Herweg-Koster. -- v.8. Köster-Magand. -- v.9. Maganza-Muller-Zschoppach. -- v.10. Müllert-Pinto Pereira. -- v.11. Pintoricchio-Rottel. -- v.12. Rottenhamer-Solimena. -- v.13. Solimena-Valentin. -- v.14. Valentin-Zyw
650 1 4 _aArtistas
_vBiografías
_96229
650 1 4 _aMarcas de artistas
_vDiccionarios
_96230
740 0 _aDictionnaire des Peintres, Sculpteurs, Dessinateurs et Graveurs
902 _aREF
942 _2lcc
_cB
999 _c1804
_d1804